000 00678nam a2200205Ia 4500
003 GCL
008 140319s9999 xx 000 0 ara d
040 _aGCL /
_cGCL
082 0 4 _a920.72
_bت ب
100 1 _aعبدالله النعيمى
245 1 0 _aبجعات برية : دراما الصين فى حياة نساء ثلاثة 1909 - 1978 /
_cعبدالله النعيمى
700 1 _aتشانغ، يونغ
300 _a592 ص
490 _a
650 0 4 _aالصين - تراجم
650 0 4 _aالصين - الاحوال الاجتماعية
650 0 4 _aالصين - الاحوال السياسية
650 0 4 _aالنساء - تراجم
942 _2ddc
_cBK
999 _c47851
_d47851